000 00966nam a2200253 a 4500
001 60920
003 BD-RjUL
005 20211209080910.0
008 170104b1998 ii ||||| |||| 00| 0 eng d
020 _a8174889019
020 _a8174889000
035 _a(BD-RjUL)61044
040 _aBD-RjUL
_beng
_cBD-RjUL
_dBD-RjUL
041 _aeng
082 _223
_a658.049
_bREA 1998
245 0 0 _aReadings in international business management /
_cSubhash Lal
250 _a1st ed.
260 _aNew Delhi :
_bAnmol Publications,
_c1998.
300 _av. ;
_c22 cm.
505 0 _aVol. 1 International business and multinational enterprises -- Vol. 2 Global Economic and Business Environment -- Vol. 3 Profitability and Business Policy -- Vol. 4 International Finance and Investment Strategies --
650 _aInternational business enterprises
_vManagement.
_yBusiness conditions
_z International finance.
_9181660
700 _aLal, Subhash
_9181661
942 _2ddc
_cBK
999 _c60920
_d60920